000 00642pam a2200217 a 4500
001 4343344
005 20171226043149.0
008 890228s1990 nyuaf bd 000 0 eng
010 _a 89005633
020 _a0442276818
040 _aDLC
_cDLC
_dDLC
041 _aeng
080 _a549.0321
082 0 0 _a549.0321 ROB
_219
100 1 _a27
101 _aENC
245 1 0 _aEncyclopedia of minerals /
_cWillard Lincoln Roberts, Thomas J. Campbell, George Robert Rapp, Jr. ; photo editor, Wendell E. Wilson.
504 _aIncludes bibliographical references.
906 _a7
_bcbc
_corignew
_d1
_eocip
_f19
_gy-gencatlg
942 _2ddc
_cBK
999 _c39365
_d39365